000 00295nam a22001337a 4500
008 210507b ||||| |||| 00| 0 eng d
041 _aeng
080 _22nd
_8
_a311
082 _a311
100 _a53
101 _aSTA
245 _aIntroductory Statistics
_cWonnacott,Th.H
942 _2udc
_cBK
999 _c57107
_d57107